000
00322 a2200145 4500
001
162525
020
_a
040
_c
Magnum
100
_a
Barbara, Danusia
240
1
0
_a
A borrachinha que queria ser lapis
_l
por
245
1
0
_a
A borrachinha que queria ser lapis
362
0
_a
1899
697
_a
IJ/GERAL
942
_c
BK
999
_c
162525
_d
162525